Marketingová stratégia spoločnosti DELL, s.r.o. diplomová práca

Gespeichert in:
Bibliographische Detailangaben
1. Verfasser: Petríková, Monika
Körperschaft: Obchodná fakulta EU. Katedra marketingu
Weitere Verfasser: Žák, Štefan, 1971-
Format: Buch
Sprache:Slowakisch
Veröffentlicht: Bratislava 2010
Tags: Tag hinzufügen
Keine Tags, Fügen Sie das erste Tag hinzu!

MARC

LEADER 00000nam a2200000 4500
001 0124532
005 20240318122631.1
041 0 |a slo 
044 |a SK 
245 1 0 |a Marketingová stratégia spoločnosti DELL, s.r.o.  |b diplomová práca  |c Monika Petríková ; škol. Štefan Žák 
264 1 |a Bratislava  |c 2010 
300 |a 99 s. 
100 1 |a Petríková, Monika 
700 1 |a Žák, Štefan, 1971- 
710 2 |a Obchodná fakulta EU. Katedra marketingu